Introducción a la historia de la revolución francesa
Kaydedildi:
| Yazar: | |
|---|---|
| Materyal Türü: | Kitap |
| Dil: | İspanyolca |
| Baskı/Yayın Bilgisi: |
Barcelona
Crítica
1984
|
| Edisyon: | 2a. ed |
| Seri Bilgileri: | Estudios y Ensayos, 83
|
| Konular: | |
| Etiketler: |
Etiketle
Etiket eklenmemiş, İlk siz ekleyin!
|
MARC
| LEADER | 00000nam a2200000 a 4500 | ||
|---|---|---|---|
| 001 | UCW8287 | ||
| 003 | CL-VaPUC | ||
| 008 | 880801e19840000SP |||||||||||||||||spa|d | ||
| 082 | 0 | 4 | |a 944.04 |b VOV |2 21 |
| 100 | 0 | |a Vovelle, Michel |e author |9 313420 | |
| 245 | 1 | 0 | |a Introducción a la historia de la revolución francesa |
| 250 | |a 2a. ed | ||
| 300 | |a 215 p | ||
| 942 | |c BK | ||
| 945 | |d 19880801 00:00:00 | ||
| 260 | |a Barcelona |b Crítica |c 1984 | ||
| 500 | |a Incluye cronología de la Revolución Francesa | ||
| 650 | 7 | |a HISTORIA REVOLUCION 1789-1799 |2 CL-VaPUC |9 266279 | |
| 651 | 0 | |a Francia |9 255157 | |
| 583 | |a last modification |c 19880801 00:00:00 |k Rodrigo Vera | ||
| 490 | 0 | |a Estudios y Ensayos, 83 | |
| 999 | |c 220710 |d 220708 | ||
| 952 | |0 0 |1 0 |4 0 |6 944_040000000000000_VOV_1984 |7 0 |8 A |9 213272 |a BIBHIS |b BIBHIS |d 2019-11-15 |i 2816199 |o 944.04 VOV 1984 |p 2816199 |r 2025-01-20 |w 2019-11-15 |y BK |k HIS | ||
| 952 | |0 0 |1 0 |4 0 |6 944_040000000000000_VOV_1984 |7 0 |8 A |9 213273 |a BIBHIS |b BIBHIS |d 2019-11-15 |i 1382160 |l 1 |o 944.04 VOV 1984 |p 1382160 |r 2025-01-20 |s 2024-08-12 |w 2019-11-15 |y BK |k HIS | ||